00456nam a2200121Ia 4500008004100000024005300041082001800094100007300112245005700185260002500242600003400267650003300301250506s9999 xx 000 0 und d a15B-146-EL, 15B-21-El, 15B-85-EL & 15B-84-EL a621.83072 JAH aJahanzeb Khan, Abdul Raffay Kashif, Sunaina Siddiqui & Sadia Shabbir 0aWireless Robot for Navigation and Obstacle Avoidance aKarachi:bUIT,c2015 aTelecommunication Engineering aBachelor of Engineering (BE)